000
00329nam a2200145Ia 4500
008
191201s2011 xx 000 0 und d
082
_a
658.8
_b
CAI
100
_a
CATEORA,Philip R
245
0
_a
International Marketing
250
_a
Rep
260
_a
N. delhi
_b
TMH
_c
2011
300
_a
888
650
_a
BBA
942
_2
ddc
_c
BK
_0
1
999
_c
5550
_d
5550